If Football Clubs Had Flags - Statistics

General Stats
  • This quiz has been taken 16,837 times
  • The average score is 10 of 16
Answer Stats
Picture Answer % Correct
Paris Saint-Germain
99%
Barcelona
93%
Real Madrid
91%
Bayern Munich
78%
Manchester United
77%
Benfica
75%
Celtic
75%
Chelsea
66%
Copenhagen
61%
Borussia Dortmund
59%
Al Nassr
57%
Roma
53%
Juventus
45%
Olympique de Marseille
33%
Fenerbahçe
23%
Los Angeles Galaxy
20%
No matching quizzes found
Score Distribution
Percent of People with Each Score
Percentile by Number Answered
Your Score History
You have not taken this quiz